02925njm a2200457Ia 450000100060000000300090000600500170001500800410003204000130007304000130008610000110009910000180011010000380012824500500016625000110021626000110022726000480023830000170028630000290030350000160033250502880034851101060063651103620074265000480110470000620115270000840121470000720129870000780137070000870144870000770153570000900161270000820170270000850178470000740186970001080194370000990205170000800215070000830223070000860231370000680239940460IT-RoPAU20220918181128.0131025s9999 xx 000 0 und d aIT-RoPAU cIT-RoPAU aAA.VV. eAutore musica gCodice autore musica SPICS: 12000 aJazz. Gli uomini, gli strumenti, gli stili 54 a1a ed. aMILANO bFRATELLI FABBRI EDITORIc1987 [1a Ed.:1987] aMUSICASSETTA c46 minuti (Testo: pag.) aMusica jazz aA. Handful of Stars [(Los Angeles, 4.3.1956) (6:00)] - The Goof and I (5:00) - Thanks For the Memory (4:00) - All the Things You Are (6:00) - Stairway To the Stars (5:00) - I've Got the World On A String (7:00) - Susie's Blues (6:00) - Kean and Peacy [(Hollywood, 22.12.1947) (3:00)] aChaloff Serge: bar; Clark Sonny: p; Vinnegar Leroy: cb; Jones Philly Joe: batt; Serge Chaloff Quartet aFichelson Stan: tr; Glow Bernie: tr; Markowitz Irv: tr; Rogers Shorty: tr; Royal Ernie: tr; Swift Bob: tbne; Swope Earl: tbne; Wilson Ollie: tbne; Herman Woody: cl, alto; Marowitz Sam: alto; Getz Stan: ten; Sims Zoot: ten; Chaloff Serge: bar; Otis Fred: p; Burns Ralph: p; Sargent Gene: chit; Yoder Walt: cb; Lamond Don: batt; Woody Herman and His Orchestra aJAZZ [CASSETTE]eCodice MATERIA SPICS: 9951 aChaloff SergedCodice interprete SPICS: 18839eInterprete aLawrencedCodice autore musica SPICS: 20267eAutore musicapA. Handful of Stars aShapiro S.dCodice autore SPICS: 20268eAutorepA. Handful of Stars aCohn AldCodice autore musica SPICS: 10711eAutore musicapThe Goof and I aRobin LeodCodice autore musica SPICS: 20175eAutore musicapThanks For the Memory aRainger RalphdCodice autore SPICS: 20269eAutorepThanks For the Memory aKern JeromedCodice autore musica SPICS: 10779eAutore musicapAll the Things You Are aHammerstein OscardCodice autore SPICS: 15701eAutorepAll the Things You Are aMalneckdCodice autore musica SPICS: 15748eAutore musicapStairway To the Stars aSignorellidCodice autore SPICS: 15747eAutorepStairway To the Stars aParish James RobertdCodice autore testo/musica SPICS: 8387eAutore testo/musicapStairway To the Stars aArlen HarolddCodice autore musica SPICS: 13025eAutore musicapI've Got the World On A String aKoehlerdCodice autore SPICS: 20270eAutorepI've Got the World On A String aChaloff SergedCodice autore musica SPICS: 18839eAutore musicapSusie's Blues aRodgers RicharddCodice autore musica SPICS: 11120eAutore musicapKean and Peacy aBurns RalphdCodice autore SPICS: 20271eAutorepKean and Peacy